00360nam a22001457a 4500003000400000005001700004008004100021020001500062040002900077050001300106100001800119245003200137260003600169300000900205OSt20251030121335.0251030b |||||||| |||| 00| 0 eng d a0440415632 cChuka University Library aPZ 7.541 aGeorge Selden aThe Cricket In Times Square aNew YorkbDell publishingc1960 a149p